|
|
|
|
| LEADER |
03608cam a2200373Ia 4500 |
| 001 |
9780203508329 |
| 003 |
FlBoTFG |
| 005 |
20091230162925.0 |
| 006 |
a|||||s||||||||||| |
| 007 |
cr|||| |
| 008 |
030925s2004 nyua sb 001 0 eng d |
| 020 |
|
|
|a 9780203508329 (e-book : PDF)
|
| 040 |
|
|
|a FlBoTFG
|c FlBoTFG
|d GrThAP
|
| 090 |
|
|
|a BP603
|b .N495 2004
|
| 092 |
|
|
|a 200.9051
|b N532
|
| 245 |
0 |
0 |
|a New religious movements in the twenty-first century
|h [electronic resource] :
|b legal, political, and social challenges in global perspective /
|c edited by Phillip Charles Lucas and Thomas Robbins.
|
| 260 |
|
|
|a New York :
|b Routledge,
|c 2004.
|
| 300 |
|
|
|a xi, 364 p. :
|b ill.
|
| 504 |
|
|
|a Includes bibliographical references and index.
|
| 505 |
0 |
|
|a Introduction. Alternative religions, the state, and the globe / Thomas Robbins -- pt. 1. Western Europe. General overview of the "cult scene" in Great Britain / Eileen Barker -- Religious minorities and new religious movements in Denmark / Armin W. Geertz and Mikael Rothstein -- France's obsession with the "sectarian threat" / Daniáele Hervieu-Lâeger -- The secte response to religious discrimination : subversives, martyrs, or freedom fighters in the French sect wars? / Susan J. Palmer -- Italy's surprisingly favorable environment for religious minorities / Massimo Introvigne -- New religions in Germany : the publicity of the public square / Brigitte Schoen -- pt. 2. Eastern Europe and Eurasia. New religions in the new Russia / Marat Shterin -- New religious minorities in the Baltic States / Solveiga Krumina-Konkova -- Crushing Wahhabi fundamentalists in Central Asia and the Caucasus : subplot to the global struggle against Al Qa'ida or suppression of legitimate religious opposition? / Brian Glyn Williams -- pt. 3. Africa, Asia, and Australia. Prophets, "false prophets," and the African state : emergent issues of religious freedom and conflict / Rosalind I.J. Hackett -- Religion on a leash : NRMs and the limits of Chinese freedom / Scott Lowe -- Consensus shattered : Japanese paradigm shift and moral panic in the post-Aum era / Ian Reader -- New religions in Australia : public menace or societal salvation? / James T. Richardson --
|
| 505 |
0 |
|
|a pt. 4. North and South Americas. The mainstreaming of alternative spirituality in Brazil / Robert T. Carpenter -- The fate of NRMs and their detractors in twenty-first century America / J. Gordon Melton -- New religions and the anticult movement in Canada / Irving Hexham and Karla Poewe -- pt. 5. Theoretical considerations. New religious movements and globalization / James A. Beckford -- Apocalypse 9/11 / John R. Hall -- Establishments and sects in the Islamic world / Mark Sedgwick -- Research on new religious movements in the post-9/11 world / Benjamin Zablocki and J. Anna Looney --Cults, porn, and hate : convergent discourses on First Amendment restriction / Thomas Robbin and Dick Anthony -- Conclusion. The future of new and minority religions in the twenty-first century : religious freedom under global siege / Philip Charles Lucas.
|
| 530 |
|
|
|a Also available in print edition.
|b CRC Press (http://www.crcpress.com)
|
| 538 |
|
|
|a Mode of access: World Wide Web.
|
| 650 |
|
0 |
|a Cults.
|
| 650 |
|
0 |
|a Sects.
|
| 650 |
|
0 |
|a Religion and law.
|
| 650 |
|
0 |
|a Religion and state.
|
| 650 |
|
0 |
|a Religion and sociology.
|
| 650 |
|
0 |
|a Religions.
|
| 655 |
|
7 |
|a Electronic books.
|2 lcsh
|
| 700 |
1 |
|
|a Lucas, Phillip Charles.
|
| 700 |
1 |
|
|a Robbins, Thomas,
|d 1943-
|
| 776 |
1 |
|
|z 9780415965774
|
| 856 |
4 |
0 |
|u http://www.tandfebooks.com/isbn/9780203508329
|z Full Text via HEAL-Link
|